|
|
|
|
| LEADER |
01005nam a2200349 4500 |
| 001 |
DLU110127199 |
| 005 |
##20111026 |
| 008 |
##950315s1995 mauaf b 001 0 eng |
| 010 |
# |
# |
|a 95013631
|
| 020 |
# |
# |
|a 0201848406
|
| 035 |
# |
# |
|9 (DLC) 95013631
|
| 040 |
# |
# |
|a DLC
|c DLC
|d DLC
|
| 082 |
# |
# |
|a 006.6
|b Com
|
| 245 |
# |
# |
|a Computer graphics :
|b principles and practice /
|c James D. Foley ... [et al.].
|
| 250 |
# |
# |
|a 2nd ed. in C.
|
| 260 |
# |
# |
|a Reading, Mass. :
|b Addison-Wesley,
|c 1995.
|
| 300 |
# |
# |
|a 360 p. of plates :
|b ill. (some col.) ;
|c 30 cm.
|
| 440 |
# |
# |
|a Addison-Wesley systems programming series
|
| 504 |
# |
# |
|a Includes bibliographical references (p. 1113-1151) and index.
|
| 650 |
# |
# |
|a Computer graphics.
|
| 700 |
# |
# |
|a Foley, James D.,
|d 1942-
|
| 923 |
# |
# |
|a 01/2011CT
|
| 991 |
# |
# |
|a GT
|
| 992 |
# |
# |
|a 0
|
| 994 |
# |
# |
|a KCT
|
| 900 |
# |
# |
|a True
|
| 911 |
# |
# |
|a Đào Thị Thu Huyền
|
| 925 |
# |
# |
|a G
|
| 926 |
# |
# |
|a A
|
| 927 |
# |
# |
|a SH
|
| 980 |
# |
# |
|a Thư viện Trường Đại học Đà Lạt
|